| 000 | 01006cam a2200265 i 4500 | ||
|---|---|---|---|
| 003 | SA-RiAUC | ||
| 005 | 20251225132622.0 | ||
| 008 | 251224s2000 su g 00000 ara c | ||
| 040 |
_aSA-RIMASH _bara _cSA-RiAUC _erda |
||
| 082 | 0 | 4 | _a371.1023 |
| 090 |
_a371.1023 _bع ط ر |
||
| 100 | 1 |
_aالعطرجي، عبد الله بن مداد _eمؤلف. |
|
| 245 | 1 | 2 |
_aالمردود الإيجابي للتفاعل التعليمي بين المعلم وطلابه / _cعبد الله بن مداد العطرجي. |
| 264 | 1 |
_aالرياض : _bالمجلة العربية، _c2000 |
|
| 300 |
_a32 صفحة ؛ _c24 سم. |
||
| 336 |
_aنص _btxt _2rdacontent _3كتاب |
||
| 337 |
_aبدون وسيط _bn _2rdamedia |
||
| 338 |
_aمجلد _bnc _2rdacarrier |
||
| 440 | 0 |
_aكتيب المجلة العربية _v45 |
|
| 650 | 7 |
_aالمدرسون _2aucsh |
|
| 650 | 7 |
_aالطلبة _2aucsh |
|
| 650 | 7 |
_aطرق التدريس _2aucsh |
|
| 942 |
_2ddc _cBOOK _n0 |
||
| 949 |
_aSA-JeALM _d251224 _umohamedma123 _n1 |
||
| 999 |
_c13705 _d13705 |
||